01709nam a2200373 a 4500001001200000003000800012006001900020007001500039008004100054010001700095015001900112016001800131020001800149020001500167040002100182035002100203050002400224082001700248100002700265245010600292260005800398300002300456504006600479505031800545533015200863650003501015650003601050650003601086650002401122655002901146710001701175856012601192999001701318ebr10348652CaPaEBRm u cr cn|||||||||090408s2009 enka sb 001 0 eng  z 2009013846 aGBA9282812bnb7 z0149324642Uk z9780199227785 z0199227780 aCaPaEBRcCaPaEBR a(OCoLC)47586635214aQH431b.T296 2009eb04a599.93/52221 aTaylor, Jeremy,d1946-10aNot a chimph[electronic resource] :bthe hunt to find the genes that make us human /cJeremy Taylor. aOxford ;aNew York :bOxford University Press,c2009. axv, 338 p. :bill. aIncludes bibliographical references (p. [316]-333) and index.0 aFrom distant cousins to close family -- The language gene that wasn't -- Brain builders -- The riddle of the 1.6% -- Less is more -- More is better -- Aladdin's cave -- Povinelli's gauntlet -- Clever corvids -- Inside the brain : the devil is in the detail -- The ape that domesticated itself -- Chimps aren't us. aElectronic reproduction.bPalo Alto, Calif. :cebrary,d2013.nAvailable via World Wide Web.nAccess may be limited to ebrary affiliated libraries. 0aHuman geneticsvPopular works. 0aHuman evolutionvPopular works. 0aAnimal behaviorvPopular works. 0aDNAvPopular works. 7aElectronic books.2local2 aebrary, Inc.40uhttp://site.ebrary.com/lib/rucke/Doc?id=10348652zAn electronic book accessible through the World Wide Web; click to view c29491d29491